000
00263nam a22000977a 4500
008
221215b |||||||| |||| 00| 0 eng d
020
_a
9789355614747
100
_a
Educart
_9
7648
245
_a
Social Science Sample Paper-Class-10
260
_a
New Delhi
_b
Aggarwal
_c
2022
999
_c
12214
_d
12214